000 00282 a2200133 4500
001 60191
020 _a3928503037
040 _cAnchieta - Pituba
240 1 0 _aKoln
_lpor
245 1 0 _aKoln
300 _a64
650 4 _aTratamento histórico e geográfico de pessoas
942 _cBK
999 _c60191
_d60191